000 00382nam a2200157Ia 4500
008 230917s9999||||xx |||||||||||||| ||und||
040 _e75968
_aMAIN
041 _aEnglish
082 _a658.3 T637P
100 _aTorrington, Derek
245 0 _aPersonnel management
250 _a2nd ed.
260 _aEnglewood Cliffs
_bPrentice-Hall
_c1983
300 _axv,496 p.
942 _cBK
999 _c40852
_d40852